[Event "Stockholm Seniors op"]
[Site "Stockholm"]
[Date "2013.05.11"]
[Round "7"]
[White "Turikov, Viktor"]
[Black "Petkevich, Jusefs"]
[Result "1/2-1/2"]
[WhiteElo "2266"]
[BlackElo "2376"]
[PlyCount "26"]
[EventDate "2013.05.09"]
[EventType "swiss"]
[EventRounds "8"]
[EventCountry "SWE"]
[SourceTitle "CBM 154 Extra"]
[Source "ChessBase"]
[SourceDate "2013.06.25"]
[SourceVersion "2"]
[SourceVersionDate "2013.06.25"]
[SourceQuality "1"]

1. e3 d6 2. d4 Nf6 3. Nf3 g6 4. b3 Bg7 5. Bb2 0-0 6. Qc1 b6 7. Nbd2 c5 8. Be2 Bb7 9. 0-0 Nbd7 10. a4 cxd4 11. Nxd4 a6 12. Bf3 d5 13. Be2 Rc8 1/2-1/2

[Event "Stockholm Seniors op"]
[Site "Stockholm"]
[Date "2013.05.09"]
[Round "1"]
[White "Alfven, Jorgen"]
[Black "Petkevich, Jusefs"]
[Result "0-1"]
[WhiteElo "1852"]
[BlackElo "2376"]
[PlyCount "66"]
[EventDate "2013.05.09"]
[EventType "swiss"]
[EventRounds "8"]
[EventCountry "SWE"]
[SourceTitle "CBM 154 Extra"]
[Source "ChessBase"]
[SourceDate "2013.06.25"]
[SourceVersion "2"]
[SourceVersionDate "2013.06.25"]
[SourceQuality "1"]

1. d4 Nf6 2. c4 e6 3. Nf3 c5 4. d5 exd5 5. cxd5 d6 6. Nc3 g6 7. e4 Bg7 8. Bb5+ Nfd7 9. 0-0 0-0 10. a4 a6 11. Bd3 Nf6 12. Nd2 Ng4 13. Nc4 Ne5 14. Nxe5 Bxe5 15. Bh6 Qh4 16. f4 Bd4+ 17. Kh1 Qxh6 18. f5 Nd7 19. Ne2 Bxb2 20. Ra2 Be5 21. g3 Nf6 22. Nf4 g5 23. Rg2 Kh8 24. Ne2 Bd7 25. Ng1 g4 26. a5 Bb5 27. Ne2 Qe3 28. Nf4 Bxf4 29. Bxb5 Be5 30. Re1 Qc3 31. Bd3 Qxa5 32. Qb1 b5 33. Ra2 Qb4 0-1

[Event "Cappelle op 27th"]
[Site "Cappelle la Grande"]
[Date "2011.02.26"]
[Round "1"]
[White "Mareco, Sandro"]
[Black "Petkevich, Jusefs"]
[Result "1-0"]
[WhiteElo "2627"]
[BlackElo "2394"]
[PlyCount "63"]
[EventDate "2011.02.26"]
[EventType "swiss"]
[EventRounds "9"]
[EventCountry "FRA"]
[SourceTitle "CBM 141 Extra"]
[Source "ChessBase"]
[SourceDate "2011.05.03"]
[SourceVersion "1"]
[SourceVersionDate "2011.05.03"]
[SourceQuality "1"]

1. d4 Nf6 2. c4 c5 3. d5 d6 4. Nc3 g6 5. e4 Bg7 6. h3 0-0 7. Nf3 e6 8. Bd3 exd5 9. exd5 Re8+ 10. Be3 b5 11. Nxb5 Ne4 12. 0-0 a6 13. Nc3 Nxc3 14. bxc3 Bxc3 15. Rc1 Bg7 16. Bf4 Bf8 17. Bc2 Nd7 18. Ba4 Re4 19. Bg5 Be7 20. Be3 Ne5 21. Nd2 Rxe3 22. fxe3 Bg5 23. Qe2 Bf5 24. Bc2 Bxc2 25. Rxc2 Qe7 26. Kh1 Re8 27. Rb2 f5 28. Rfb1 Nf7 29. Rb7 Qf8 30. Nf3 Rxe3 31. Qf2 Re8 32. Rxf7 1-0

[Event "Salongernas IM"]
[Site "Stockholm"]
[Date "2009.06.19"]
[Round "3"]
[White "Couso, Luis"]
[Black "Petkevich, Jusefs"]
[Result "1/2-1/2"]
[WhiteElo "2297"]
[BlackElo "2423"]
[PlyCount "90"]
[EventDate "2009.06.17"]
[EventType "tourn"]
[EventRounds "9"]
[EventCountry "SWE"]
[EventCategory "4"]
[SourceTitle "CBM 130 Extra"]
[Source "ChessBase"]
[SourceDate "2009.07.02"]
[SourceVersion "2"]
[SourceVersionDate "2009.07.15"]
[SourceQuality "1"]

1. e4 c5 2. Nf3 d6 3. d4 cxd4 4. Nxd4 Nf6 5. Nc3 a6 6. Be3 e6 7. a4 Nc6 8. Be2 Be7 9. 0-0 0-0 10. f4 Bd7 11. Bf3 Qc7 12. Kh1 Nxd4 13. Qxd4 e5 14. Qd2 exf4 15. Bxf4 Be6 16. Rfd1 Rfd8 17. Qf2 Nd7 18. Bg4 Nf6 19. Bxe6 fxe6 20. Qf3 Re8 21. Rd3 Qc5 22. Rad1 b5 23. Qh3 Bf8 24. e5 dxe5 25. Bg5 Nd5 26. Qf3 Nxc3 27. Rxc3 e4 28. Qg3 Qf5 29. axb5 axb5 30. h3 Rac8 31. Rxc8 Rxc8 32. c3 Rc5 33. Be3 Rd5 34. Ra1 Rd3 35. Qe1 h6 36. Qe2 Bd6 37. Bg1 Bg3 38. Rf1 Qg6 39. Bh2 Bxh2 40. Kxh2 e3 41. Qf3 Kh7 42. Re1 Rd2 43. Rxe3 Rxb2 44. Qc6 Qe8 45. Qc5 Kg8 1/2-1/2

[Event "Riga Gipslis Memorial"]
[Site "Riga"]
[Date "2009.03.11"]
[Round "9"]
[White "Gorovykh, Eduard"]
[Black "Petkevich, Jusefs"]
[Result "1/2-1/2"]
[WhiteElo "2391"]
[BlackElo "2435"]
[PlyCount "32"]
[EventDate "2009.03.05"]
[EventType "tourn"]
[EventRounds "9"]
[EventCountry "LAT"]
[EventCategory "8"]
[SourceTitle "CBM 129 Extra"]
[Source "ChessBase"]
[SourceDate "2009.05.05"]
[SourceVersion "2"]
[SourceVersionDate "2009.05.20"]
[SourceQuality "1"]

1. e4 c5 2. Nf3 d6 3. d4 cxd4 4. Nxd4 Nf6 5. Nc3 a6 6. Bg5 e6 7. f4 Be7 8. Qf3 Qc7 9. 0-0-0 Nbd7 10. g4 b5 11. Bxf6 gxf6 12. a3 Bb7 13. Bg2 Nb6 14. f5 e5 15. Nb3 Rc8 16. Na5 Ba8 1/2-1/2

[Event "Cappelle op 24th"]
[Site "Cappelle la Grande"]
[Date "2008.02.17"]
[Round "2"]
[White "Vitiugov, Nikita"]
[Black "Petkevich, Jusefs"]
[Result "1-0"]
[WhiteElo "2609"]
[BlackElo "2434"]
[PlyCount "77"]
[EventDate "2008.02.16"]
[EventType "swiss"]
[EventRounds "9"]
[EventCountry "FRA"]
[SourceTitle "CBM 122 Extra"]
[Source "ChessBase"]
[SourceDate "2008.03.04"]
[SourceVersion "1"]
[SourceVersionDate "2008.03.04"]
[SourceQuality "1"]

1. e4 c5 2. Nf3 d6 3. d4 cxd4 4. Nxd4 Nf6 5. Nc3 a6 6. Be3 e5 7. Nb3 Be6 8. f4 Qc7 9. Qd2 Nbd7 10. 0-0-0 Be7 11. Kb1 0-0 12. h3 b5 13. g4 exf4 14. Bxf4 Ne5 15. Nd5 Bxd5 16. exd5 Nc4 17. Qg2 Nd7 18. g5 Nde5 19. Bd3 Rfe8 20. h4 Bf8 21. h5 Nxd3 22. Rxd3 Qe7 23. g6 Qe4 24. gxf7+ Kxf7 25. Qxe4 Rxe4 26. Rf1 Kg8 27. Nd4 Be7 28. Ne6 Bf6 29. Bc1 h6 30. b3 Ne5 31. Rg3 Kh7 32. Rfg1 Rg8 33. Bf4 b4 34. Re3 Rxe3 35. Bxe3 Rc8 36. Rf1 Nd7 37. Kc1 a5 38. Bd4 Ne5 39. Kd2 1-0

[Event "Cappelle op 23rd"]
[Site "Cappelle la Grande"]
[Date "2007.03.03"]
[Round "1"]
[White "Petkevich, Jusefs"]
[Black "Bocharov, Dmitry"]
[Result "0-1"]
[WhiteElo "2434"]
[BlackElo "2602"]
[PlyCount "25"]
[EventDate "2007.03.03"]
[EventType "swiss"]
[EventRounds "9"]
[EventCountry "FRA"]
[SourceTitle "CBM 117 Extra"]
[Source "ChessBase"]
[SourceDate "2007.05.09"]
[SourceVersion "1"]
[SourceVersionDate "2007.05.09"]
[SourceQuality "1"]

1. d4 Nf6 2. Nf3 e6 3. c4 Bb4+ 4. Bd2 a5 5. g3 b6 6. Bg2 Bb7 7. 0-0 0-0 8. Nc3 d6 9. Qc2 Nbd7 10. Rfe1 Bxc3 11. Bxc3 Be4 12. Qa4 c6 13. Nd2 0-1

[Event "Cappelle op 22nd"]
[Site "Cappelle la Grande"]
[Date "2006.02.20"]
[Round "4"]
[White "Roiz, Michael"]
[Black "Petkevich, Jusefs"]
[Result "1-0"]
[WhiteElo "2599"]
[BlackElo "2433"]
[PlyCount "71"]
[EventDate "2006.02.18"]
[EventType "swiss"]
[EventRounds "10"]
[EventCountry "FRA"]
[SourceTitle "CBM 110 Extra"]
[Source "ChessBase"]
[SourceDate "2006.03.10"]
[SourceVersion "2"]
[SourceVersionDate "2006.03.10"]
[SourceQuality "1"]

1. d4 Nf6 2. c4 e6 3. Nf3 b6 4. g3 Bb7 5. Bg2 Be7 6. Nc3 Ne4 7. Bd2 f5 8. Qc2 Nxd2 9. Qxd2 0-0 10. 0-0 Bf6 11. Rad1 d6 12. Rfe1 Be4 13. Qe3 d5 14. Ne5 c5 15. cxd5 exd5 16. dxc5 Bxe5 17. Nxe4 fxe4 18. Bxe4 d4 19. Qb3+ Kh8 20. Bxa8 Nd7 21. Bg2 Nxc5 22. Qd5 Qe7 23. e3 d3 24. b4 Na4 25. Rxd3 Qxb4 26. Rf1 Nc5 27. Rdd1 Bf6 28. e4 Na4 29. Qd6 Qxd6 30. Rxd6 Nc3 31. f4 Nxa2 32. Rd7 b5 33. e5 Bd8 34. Kh1 Bb6 35. e6 Re8 36. Bc6 1-0

[Event "Warsaw AIG Life rapid"]
[Site "Warsaw"]
[Date "2004.12.18"]
[Round "4"]
[White "Beliavsky, Alexander G"]
[Black "Petkevich, Jusefs"]
[Result "0-1"]
[WhiteElo "2660"]
[BlackElo "2436"]
[PlyCount "82"]
[EventDate "2004.12.18"]
[EventType "swiss (rapid)"]
[EventRounds "9"]
[EventCountry "POL"]
[SourceTitle "CBM 103 Extra"]
[Source "ChessBase"]
[SourceDate "2005.01.01"]
[SourceVersion "1"]
[SourceVersionDate "2005.01.01"]
[SourceQuality "1"]

1. d4 Nf6 2. c4 e6 3. Nf3 c5 4. d5 exd5 5. cxd5 d6 6. Nc3 g6 7. e4 Bg7 8. h3 0-0 9. Bd3 Re8 10. 0-0 a6 11. a4 Nbd7 12. Bf4 Qc7 13. Nd2 Nh5 14. Bh2 Bd4 15. Kh1 Ng7 16. Qc2 Ne5 17. Be2 f5 18. f4 Nf7 19. Bf3 fxe4 20. Ncxe4 Nf5 21. Rae1 Bd7 22. g4 Ne3 23. Rxe3 Bxe3 24. Nf6+ Kg7 25. Nxe8+ Rxe8 26. Ne4 Bd4 27. Bg1 Qa5 28. b3 Qb4 29. Rd1 h5 30. gxh5 Bf5 31. Bxd4+ cxd4 32. Qg2 Qxb3 33. Nf2 Re3 34. hxg6 Rxf3 35. gxf7+ Rg3 36. Qf1 Qf3+ 37. Kh2 Qxf4 38. Kh1 Kxf7 39. Qe2 Re3 40. Qb2 Be4+ 41. Nxe4 Qf3+ 0-1

[Event "Warsaw AIG Life rapid"]
[Site "Warsaw"]
[Date "2004.12.18"]
[Round "?"]
[White "Petkevich, Jusefs"]
[Black "Jakubiec, Artur"]
[Result "0-1"]
[WhiteElo "2436"]
[BlackElo "2565"]
[PlyCount "76"]
[EventDate "2004.12.18"]
[EventType "swiss (rapid)"]
[EventRounds "9"]
[EventCountry "POL"]
[SourceTitle "CBM 103 Extra"]
[Source "ChessBase"]
[SourceDate "2005.01.01"]
[SourceVersion "1"]
[SourceVersionDate "2005.01.01"]
[SourceQuality "1"]

1. Nf3 f5 2. g3 Nf6 3. Bg2 d6 4. d4 g6 5. c4 Bg7 6. Nc3 0-0 7. 0-0 e6 8. Qc2 Nc6 9. d5 Nb4 10. Qb3 Na6 11. dxe6 Nc5 12. Qc2 Bxe6 13. b3 a5 14. Bb2 a4 15. Nb5 c6 16. Nbd4 Bd7 17. Rad1 Qe7 18. b4 Nce4 19. a3 Ng4 20. Bc1 c5 21. bxc5 dxc5 22. Nb5 Bxb5 23. cxb5 Nc3 24. Rde1 Qe4 25. Qxe4 fxe4 26. Ng5 Rfe8 27. Bh3 h5 28. f3 exf3 29. exf3 Bd4+ 30. Kg2 Ne5 31. Bd2 Nxb5 32. Be6+ Kg7 33. Bd5 Nxa3 34. Ne6+ Rxe6 35. Bxe6 Nc2 36. Rb1 Ra7 37. Bd5 a3 38. Be4 Nc4 0-1

[Event "Serpukhov-A"]
[Site "Serpukhov"]
[Date "2004.09.07"]
[Round "17"]
[White "Komliakov, Viktor"]
[Black "Petkevich, Jusefs"]
[Result "1/2-1/2"]
[WhiteElo "2435"]
[BlackElo "2431"]
[PlyCount "25"]
[EventDate "2004.08.26"]
[EventType "tourn"]
[EventRounds "17"]
[EventCountry "RUS"]
[EventCategory "6"]
[SourceTitle "EXT 2006"]
[Source "ChessBase"]
[SourceDate "2005.11.24"]
[SourceVersion "1"]
[SourceVersionDate "2005.11.24"]
[SourceQuality "1"]

1. e4 c5 2. Nc3 Nc6 3. g3 g6 4. Bg2 Bg7 5. Nf3 Nf6 6. d3 d6 7. 0-0 0-0 8. Be3 Rb8 9. Qd2 b5 10. a3 a5 11. Nd1 b4 12. axb4 axb4 13. h3 1/2-1/2

[Event "Serpukhov-A"]
[Site "Serpukhov"]
[Date "2004.09.05"]
[Round "15"]
[White "Zubarev, Alexander2222"]
[Black "Petkevich, Jusefs"]
[Result "1/2-1/2"]
[WhiteElo "2460"]
[BlackElo "2431"]
[PlyCount "24"]
[EventDate "2004.08.26"]
[EventType "tourn"]
[EventRounds "17"]
[EventCountry "RUS"]
[EventCategory "6"]
[SourceTitle "EXT 2006"]
[Source "ChessBase"]
[SourceDate "2005.11.24"]
[SourceVersion "1"]
[SourceVersionDate "2005.11.24"]
[SourceQuality "1"]

1. d4 Nf6 2. c4 e6 3. Nc3 Bb4 4. e3 0-0 5. Nf3 c5 6. Bd3 d5 7. 0-0 Nc6 8. a3 Bxc3 9. bxc3 dxc4 10. Bxc4 Qc7 11. Bb5 a6 12. Bxc6 Qxc6 1/2-1/2

[Event "Serpukhov-A"]
[Site "Serpukhov"]
[Date "2004.08.31"]
[Round "8"]
[White "Petkevich, Jusefs"]
[Black "Rjabzev, Konstantin"]
[Result "1/2-1/2"]
[WhiteElo "2431"]
[BlackElo "2351"]
[PlyCount "27"]
[EventDate "2004.08.26"]
[EventType "tourn"]
[EventRounds "17"]
[EventCountry "RUS"]
[EventCategory "6"]
[SourceTitle "EXT 2006"]
[Source "ChessBase"]
[SourceDate "2005.11.24"]
[SourceVersion "1"]
[SourceVersionDate "2005.11.24"]
[SourceQuality "1"]

1. Nf3 Nf6 2. g3 d5 3. b3 e6 4. Bg2 Be7 5. Bb2 0-0 6. 0-0 c5 7. c4 d4 8. e3 Nc6 9. exd4 cxd4 10. Re1 Ne8 11. d3 f6 12. Na3 e5 13. Nc2 Nc7 14. a3 1/2-1/2

[Event "Serpukhov-A"]
[Site "Serpukhov"]
[Date "2004.08.28"]
[Round "3"]
[White "Krapivin, Alexander"]
[Black "Petkevich, Jusefs"]
[Result "1/2-1/2"]
[WhiteElo "2342"]
[BlackElo "2431"]
[PlyCount "52"]
[EventDate "2004.08.26"]
[EventType "tourn"]
[EventRounds "17"]
[EventCountry "RUS"]
[EventCategory "6"]
[SourceTitle "EXT 2006"]
[Source "ChessBase"]
[SourceDate "2005.11.24"]
[SourceVersion "1"]
[SourceVersionDate "2005.11.24"]
[SourceQuality "1"]

1. e4 c5 2. Nc3 Nc6 3. g3 g6 4. Bg2 Bg7 5. d3 d6 6. Be3 e6 7. Qd2 h6 8. Nf3 Nd4 9. 0-0 Ne7 10. Nd1 Nxf3+ 11. Bxf3 Nc6 12. Bg2 Bd7 13. c3 h5 14. f4 h4 15. g4 h3 16. Bf3 g5 17. f5 Bf6 18. Nf2 Qe7 19. Nh1 Ne5 20. Be2 exf5 21. exf5 0-0-0 22. Rfe1 Rhe8 23. d4 Nc6 24. Bf3 cxd4 25. cxd4 d5 26. a3 Qd6 1/2-1/2

[Event "EU-ch Seniors 03rd"]
[Site "Saint Vincent"]
[Date "2003.09.24"]
[Round "8"]
[White "Gruzmann, Boris"]
[Black "Petkevich, Jusefs"]
[Result "0-1"]
[WhiteElo "2316"]
[BlackElo "2442"]
[PlyCount "98"]
[EventDate "2003.09.17"]
[EventType "swiss"]
[EventRounds "9"]
[EventCountry "ITA"]
[SourceTitle "CBM 096 Extra"]
[Source "ChessBase"]
[SourceDate "2003.10.22"]
[SourceVersion "2"]
[SourceVersionDate "2003.10.20"]
[SourceQuality "1"]

1. e4 c5 2. Nf3 d6 3. d4 cxd4 4. Nxd4 Nf6 5. Nc3 a6 6. h3 Nc6 7. g4 e6 8. Bg2 Be7 9. Be3 0-0 10. 0-0 Nxd4 11. Qxd4 Bd7 12. f4 Bc6 13. f5 Nd7 14. fxe6 fxe6 15. Qc4 Rxf1+ 16. Rxf1 Nf8 17. Bd4 Rc8 18. Qb3 b5 19. Ne2 Bd7 20. Qf3 e5 21. Ba7 Be6 22. Nc3 Ng6 23. Rf2 Bh4 24. Rd2 Be1 25. Rd1 Bxc3 26. bxc3 Qc7 27. Bf2 Nf4 28. Bf1 Bxa2 29. Ra1 Bc4 30. Rxa6 Bxf1 31. Kxf1 b4 32. Ke1 bxc3 33. Be3 Rf8 34. Bxf4 exf4 35. Qd3 Qd8 36. Qc4+ Kh8 37. Qxc3 Qh4+ 38. Ke2 h6 39. Qf3 Qe7 40. Kf1 Rc8 41. Qd3 Rd8 42. Rc6 f3 43. c4 Ra8 44. Rxd6 Ra1+ 45. Kf2 Qh4+ 46. Kxf3 Ra3 47. Qxa3 Qxh3+ 48. Kf4 Qxa3 49. Rd5 Qc1+ 0-1

[Event "EU-ch Seniors 03rd"]
[Site "Saint Vincent"]
[Date "2003.09.23"]
[Round "7"]
[White "Petkevich, Jusefs"]
[Black "Gerenski, Hristo"]
[Result "1-0"]
[WhiteElo "2442"]
[BlackElo "2207"]
[PlyCount "99"]
[EventDate "2003.09.17"]
[EventType "swiss"]
[EventRounds "9"]
[EventCountry "ITA"]
[SourceTitle "CBM 096 Extra"]
[Source "ChessBase"]
[SourceDate "2003.10.22"]
[SourceVersion "2"]
[SourceVersionDate "2003.10.20"]
[SourceQuality "1"]

1. Nf3 e6 2. c4 Nf6 3. d4 d5 4. Nc3 Bb4 5. e3 0-0 6. Bd3 c5 7. 0-0 Nc6 8. a3 Bxc3 9. bxc3 dxc4 10. Bxc4 Qc7 11. Bb5 Bd7 12. a4 Ne7 13. Qe2 Ng6 14. e4 a6 15. Bxd7 Nxd7 16. a5 Ne7 17. Bg5 Nc6 18. Qa2 Rfe8 19. Bh4 cxd4 20. cxd4 Qf4 21. d5 exd5 22. exd5 Nd4 23. Nxd4 Qxh4 24. Rad1 Qe4 25. Nf3 Rac8 26. Qb2 Nc5 27. Qb6 Red8 28. Rd4 Qf5 29. Rfd1 Qd7 30. Qb4 Qb5 31. h3 Qxb4 32. Rxb4 Kf8 33. Ne5 Nd7 34. Nc4 Nf6 35. Ne3 Rc5 36. d6 Rd7 37. Rc4 Rxc4 38. Nxc4 Ne8 39. f4 g6 40. g4 f6 41. Kf2 Ng7 42. Rd5 Ne6 43. Ke3 Ke8 44. Nb6 Rg7 45. f5 Nf8 46. Rc5 gxf5 47. Rc8+ Kf7 48. Rc7+ Kg8 49. d7 Re7+ 50. Kf2 1-0

[Event "Biel MTO op"]
[Site "Biel"]
[Date "2003.07.27"]
[Round "6"]
[White "Zenklusen, Rico"]
[Black "Petkevich, Jusefs"]
[Result "0-1"]
[WhiteElo "2279"]
[BlackElo "2442"]
[PlyCount "60"]
[EventDate "2003.07.19"]
[EventType "swiss"]
[EventRounds "11"]
[EventCountry "SUI"]
[SourceTitle "CBM 095 Extra"]
[Source "ChessBase"]
[SourceDate "2003.09.04"]
[SourceVersion "1"]
[SourceVersionDate "2003.09.04"]
[SourceQuality "1"]

1. e4 c5 2. Nf3 d6 3. d4 cxd4 4. Nxd4 Nf6 5. Nc3 a6 6. Bg5 Nbd7 7. f4 g6 8. Bc4 Bg7 9. Nf3 Qc7 10. Qe2 e5 11. fxe5 dxe5 12. 0-0 0-0 13. Kh1 b5 14. Bb3 Bb7 15. Rad1 h6 16. Bh4 Rae8 17. a3 Nh5 18. Qd2 Nc5 19. Bd5 Nf4 20. Bxb7 Qxb7 21. Qe3 Nce6 22. Rd6 Nd4 23. Bf6 Qb8 24. Bxg7 Kxg7 25. Rxa6 Nxc2 26. Qf2 b4 27. Qxc2 bxc3 28. Qxc3 Qb5 29. Nd2 Qxa6 30. Rxf4 Rc8 0-1

[Event "Wch Seniors 12th"]
[Site "Naumburg"]
[Date "2002.10.24"]
[Round "4"]
[White "Petkevich, Jusefs"]
[Black "Asmundsson, Ingvar"]
[Result "1-0"]
[WhiteElo "2439"]
[BlackElo "2338"]
[PlyCount "109"]
[EventDate "2002.10.21"]
[EventType "swiss"]
[EventRounds "11"]
[EventCountry "GER"]
[SourceTitle "EXT 2003"]
[Source "ChessBase"]
[SourceDate "2002.11.25"]
[SourceVersion "1"]
[SourceVersionDate "2002.11.25"]
[SourceQuality "1"]

1. Nf3 d5 2. d4 c6 3. e3 Bg4 4. c4 Bxf3 5. Qxf3 e6 6. Nc3 f5 7. g4 Nh6 8. gxf5 Nxf5 9. Bd3 g6 10. Bxf5 gxf5 11. Qh5+ Kd7 12. Rg1 Na6 13. a3 Nc7 14. c5 Qf6 15. Bd2 Be7 16. 0-0-0 Rag8 17. Ne2 Rg6 18. Qf3 Rhg8 19. Rg3 Rg4 20. Nf4 Qf7 21. Rdg1 h5 22. h3 Rxg3 23. Rxg3 h4 24. Rg2 Rg7 25. Rxg7 Qxg7 26. Qg2 Qxg2 27. Nxg2 e5 28. dxe5 Ne6 29. b4 Ng5 30. Nf4 Ne6 31. Ne2 Ng5 32. Ng1 b6 33. cxb6 axb6 34. f4 Ne4 35. Be1 c5 36. Nf3 Ng3 37. Kc2 Kc6 38. bxc5 bxc5 39. a4 Bd8 40. a5 d4 41. Bxg3 hxg3 42. h4 Kd5 43. a6 Bb6 44. h5 Ke4 45. Nh4 d3+ 46. Kc3 Ba5+ 47. Kc4 d2 48. a7 d1Q 49. a8Q+ Kxe3 50. Qxa5 Qd4+ 51. Kb5 Kxf4 52. e6 Qd5 53. Qc7+ Kg5 54. Qxg3+ Kf6 55. Qg6+ 1-0

[Event "Wch Seniors 12th"]
[Site "Naumburg"]
[Date "2002.10.22"]
[Round "2"]
[White "Petkevich, Jusefs"]
[Black "Hoeschele, Hans Ulrich"]
[Result "1-0"]
[WhiteElo "2439"]
[BlackElo "2159"]
[PlyCount "121"]
[EventDate "2002.10.21"]
[EventType "swiss"]
[EventRounds "11"]
[EventCountry "GER"]
[SourceTitle "EXT 2003"]
[Source "ChessBase"]
[SourceDate "2002.11.25"]
[SourceVersion "1"]
[SourceVersionDate "2002.11.25"]
[SourceQuality "1"]

1. Nf3 d5 2. b3 Nf6 3. Bb2 g6 4. g3 Bg7 5. Bg2 0-0 6. 0-0 c6 7. c4 dxc4 8. bxc4 c5 9. d3 Nc6 10. Nbd2 Qd6 11. Rb1 Rb8 12. Ng5 b6 13. Nge4 Nxe4 14. Nxe4 Qc7 15. Bxg7 Kxg7 16. e3 Rd8 17. Qe2 Bf5 18. f4 Qd7 19. Nf2 Be6 20. h3 f6 21. g4 Bf7 22. Rfd1 Na5 23. Ne4 Qe8 24. g5 Rd7 25. Qb2 Qd8 26. Bf1 Rc8 27. Nf2 Be6 28. Qc3 Kf7 29. h4 f5 30. Be2 Qh8 31. Qxh8 Rxh8 32. Kg2 h5 33. gxh6 Rxh6 34. Kg3 Kg7 35. Nh3 Rd6 36. Ng5 Rh8 37. Rbc1 Rc8 38. Rg1 Bg8 39. Kf2 Kf8 40. Nf3 Bf7 41. Rg5 Rf6 42. Ne5 Kg7 43. h5 Rh8 44. Rcg1 Rh6 45. Bf3 Be8 46. hxg6 Rh2+ 47. R5g2 Rxg2+ 48. Rxg2 Bc6 49. Rh2 Kg8 50. Rh7 Bxf3 51. Kxf3 Rxg6 52. Rxe7 Rg7 53. Re8+ Kh7 54. Rf8 Rg1 55. Rxf5 Ra1 56. Rf7+ Kg8 57. Rxa7 Rxa2 58. Nd7 Ra3 59. Ra8+ Kf7 60. Nxb6 Nxc4 61. dxc4 1-0

[Event "Wch Seniors 11th"]
[Site "Arco"]
[Date "2001.10.21"]
[Round "5"]
[White "Rosen, Willy"]
[Black "Petkevich, Jusefs"]
[Result "1-0"]
[WhiteElo "2315"]
[BlackElo "2440"]
[PlyCount "53"]
[EventDate "2001.10.17"]
[EventType "swiss"]
[EventRounds "11"]
[EventCountry "ITA"]
[SourceTitle "EXT 2002"]
[Source "ChessBase"]
[SourceDate "2001.11.25"]
[SourceVersion "1"]
[SourceVersionDate "2001.11.25"]
[SourceQuality "1"]

1. e4 c5 2. Nf3 d6 3. d4 cxd4 4. Nxd4 Nf6 5. Nc3 a6 6. Be3 e5 7. Nb3 Be6 8. Qd2 Nbd7 9. 0-0-0 Be7 10. f3 b5 11. g4 h6 12. h4 Nb6 13. Qf2 Nc4 14. Bxc4 Bxc4 15. Na5 Be6 16. Nc6 Qc7 17. Nxe7 Kxe7 18. g5 hxg5 19. Bxg5 Kf8 20. Bxf6 gxf6 21. Nd5 Bxd5 22. Rxd5 Ke7 23. f4 Qc4 24. fxe5 fxe5 25. Rf1 f5 26. Qxf5 Raf8 27. Qg5+ 1-0

[Event "Wch Seniors 11th"]
[Site "Arco"]
[Date "2001.10.18"]
[Round "2"]
[White "Petkevich, Jusefs"]
[Black "Krueger, Erich"]
[Result "1/2-1/2"]
[WhiteElo "2440"]
[BlackElo "2216"]
[PlyCount "100"]
[EventDate "2001.10.17"]
[EventType "swiss"]
[EventRounds "11"]
[EventCountry "ITA"]
[SourceTitle "EXT 2002"]
[Source "ChessBase"]
[SourceDate "2001.11.25"]
[SourceVersion "1"]
[SourceVersionDate "2001.11.25"]
[SourceQuality "1"]

1. Nf3 Nf6 2. d4 g6 3. c4 Bg7 4. Nc3 d6 5. Bg5 h6 6. Bh4 g5 7. Bg3 Nh5 8. e3 c5 9. Be2 Qb6 10. 0-0 Nxg3 11. hxg3 Nd7 12. a3 Nf6 13. b4 Bd7 14. bxc5 dxc5 15. Ne5 0-0 16. Nxd7 Nxd7 17. Rb1 Qa5 18. Nd5 Qd8 19. Rxb7 cxd4 20. exd4 e6 21. Nc7 Rc8 22. Nb5 a6 23. Nd6 Rb8 24. c5 Rxb7 25. Nxb7 Qc7 26. Nd6 Nb8 27. Bf3 Nc6 28. Bxc6 Qxc6 29. Qd3 Qd5 30. Rd1 Rb8 31. Qf3 Qxf3 32. gxf3 Bf8 33. Nc4 Rd8 34. Rd2 e5 35. Nxe5 Bxc5 36. Nc6 Rd6 37. Ne7+ Kh7 38. Nf5 Rd5 39. g4 Bxa3 40. Ra2 Ra5 41. Rc2 h5 42. Rc7 Kg6 43. Rc6+ f6 44. Rc7 Bf8 45. Ra7 h4 46. Kg2 Ra2 47. Rd7 a5 48. d5 a4 49. d6 a3 50. Ra7 Rd2 1/2-1/2

[Event "Hessenliga 9900"]
[Site "Hessen"]
[Date "2000.03.19"]
[Round "8.1"]
[White "Degenhardt, Horst"]
[Black "Petkevich, Jusefs"]
[Result "1-0"]
[WhiteElo "2355"]
[BlackElo "2463"]
[PlyCount "83"]
[EventDate "1999.09.26"]
[EventType "team"]
[EventRounds "11"]
[EventCountry "GER"]
[SourceTitle "EXT 2002"]
[Source "ChessBase"]
[SourceDate "2001.11.25"]
[SourceVersion "1"]
[SourceVersionDate "2001.11.25"]
[SourceQuality "1"]

1. c4 g6 2. Nc3 Bg7 3. d4 c5 4. d5 d6 5. e4 Nf6 6. Bd3 0-0 7. Nge2 e6 8. 0-0 exd5 9. exd5 Na6 10. Bg5 h6 11. Bh4 Re8 12. Rc1 Nc7 13. h3 a6 14. Qc2 b5 15. b3 g5 16. Bg3 b4 17. Nd1 a5 18. Ne3 a4 19. Rce1 axb3 20. axb3 Ra6 21. Bh2 Re7 22. Ng3 Nce8 23. Ngf5 Bxf5 24. Nxf5 Rxe1 25. Rxe1 Bf8 26. Qb2 Qa5 27. Bb1 Qa3 28. Qc2 Ra8 29. f4 g4 30. hxg4 Qa1 31. g5 Ng4 32. Ne3 Ngf6 33. gxf6 Nxf6 34. Nf5 Qc3 35. Qxc3 bxc3 36. Bc2 Ra2 37. Rc1 Ng4 38. Bg3 Bg7 39. Nxg7 Ne3 40. Be4 Kxg7 41. Be1 c2 42. Bd2 1-0

[Event "Cappelle op 16th"]
[Site "Cappelle la Grande"]
[Date "2000.02.22"]
[Round "5"]
[White "Petkevich, Jusefs"]
[Black "Housieaux, David"]
[Result "0-1"]
[WhiteElo "2459"]
[BlackElo "2186"]
[PlyCount "54"]
[EventDate "2000.02.19"]
[EventType "swiss"]
[EventRounds "9"]
[EventCountry "FRA"]
[SourceTitle "CBM 074 Extra"]
[Source "ChessBase"]
[SourceDate "2000.03.10"]
[SourceVersion "2"]
[SourceVersionDate "2000.03.10"]
[SourceQuality "1"]

1. c4 Nf6 2. Nc3 g6 3. e4 d6 4. g3 Bg7 5. Bg2 0-0 6. Nge2 e5 7. d3 Ne8 8. 0-0 Nd7 9. Be3 c6 10. Qd2 f5 11. Rad1 Nef6 12. h3 Kh8 13. f4 exf4 14. Nxf4 Ne5 15. exf5 Bxf5 16. g4 Nfxg4 17. hxg4 Nxg4 18. Nh3 Qh4 19. Bg5 Bd4+ 20. Kh1 Qh5 21. Ne4 Bxe4 22. dxe4 c5 23. Bf4 g5 24. Bh2 Nxh2 25. Kxh2 h6 26. Rf5 Rxf5 27. exf5 g4 0-1